Last Lines Before Dying II Quiz Stats

 Plays Quiz Updated Jun 24, 2015

Challenge
Share
Tweet
Embed
Score 0/17 Timer 05:00
1 Play Today
Last Line Movie % Correct
Clever girlJurassic Park (Robert Muldoon)
89.2%
You can't win, Darth. If you strike me down, I shall become more powerful than you could possibly imagine. Star Wars (Obi-Wan Kenobi)
83.3%
Freeeedom!!!Braveheart (William Wallace)
75.8%
Hello boys...I'm baaack!Independence Day (Russell Casse)
64.6%
Didn't mommy and daddy show you enough attention when you were a child?!Full Metal Jacket (Gny. Sgt. Hartman)
48.2%
Never go in against a Sicilian when death is on the line.The Princess Bride (Vizzini)
47.6%
Thank God. I die a true American.Gangs of New York (Bill the Butcher)
45.3%
I would have liked to have seen MontanaThe Hunt for Red October (Vasili Borodin)
36.2%
...I watched C-Beams glitter in the dark near the Tannhauser Gate. All those moments will be lost in time...like tears in the rain. Time to dieBlade Runner (Roy Batty)
35.4%
Last Line Movie % Correct
Come on, 54th!Glory (Col. Shaw)
33.6%
Oh, good. For a moment there I thought we were in trouble. Butch Cassidy and the Sundance Kid (Sundance Kid)
33.4%
Die! Die! Why won't you die!? Why won't you die?V for Vendetta (Creedy)
25.6%
I'm a leaf on the wind. Watch how I-Serenity (Wash)
21.7%
We belong dead.Bride of Frankenstein (The Monster)
19.6%
This is from...MathildaThe Professional (Leon)
15.4%
You couldn't have stopped them, the Army couldn't have stopped them, so I had to. That's why I didn't call. Oh God, Ben.The Manchurian Candidate (Raymond Shaw)
12.7%
For a one-legged rancher, he was one tough son of a bitch3:10 to Yuma (Charlie Prince)
6.9%

You're not logged in!

Compare scores with friends on all Sporcle quizzes.
Join for Free
OR
Log In

You Might Also Like...

Show Comments

Extras

Top Quizzes Today


Score Distribution

Your Account Isn't Verified!

In order to create a playlist on Sporcle, you need to verify the email address you used during registration. Go to your Sporcle Settings to finish the process.

Report this User

Report this user for behavior that violates our Community Guidelines.

Details: